000 00745nam a2200241Ia 4500
005 20260121112805.0
008 8815 260114s9999 xx 000 0 eng d
020 _a9789812776266
037 _aEBOOK
040 _aCRL
_beng
_cCRL
041 _aeng
_2eng
084 _qCRL
100 _aLiatsis Panos
_9963253
245 0 _aRecent Trends in Multimedia Information Processing - Proceedings of the 9Th International Workshop on Systems, Signals and Image Processing Iwssip'02
260 _bWorld Scientific
260 _bWSPC
260 _c2002
650 _aComputer Science
_9963254
856 _uhttps://www.worldscientific.com/worldscibooks/10.1142/5170#t=toc
942 _cEBOOK
999 _c1546115
_d1546115